Essentials of process control

保存先:
書誌詳細
第一著者: Luyben, Michael L., 1965-
フォーマット: 図書
言語:Vietnamese
出版事項: McGraw-Hill 1997
タグ: タグ追加
タグなし, このレコードへの初めてのタグを付けませんか!
Thư viện lưu trữ: Mạng thư viện Đại học Đà Nẵng
LEADER 00625nam a2200253 4500
001 000020981
003 17428
005 20150331150353.0
008 150331s1997 viesd
020 |c 00 
041 0 |a vie 
082 1 4 |a 660,2815  |b LU-M 
100 1 |a Luyben, Michael L., 1965- 
245 1 0 |a Essentials of process control  |c Michael L. Luyben. 
260 |b McGraw-Hill  |c 1997 
300 |a tr.  |c cm. 
OWN |a LSP 
999 |a From the UDN01 
TYP |a Monograph 
TYP |a Printed language 
980 |a Mạng thư viện Đại học Đà Nẵng